00481nam a22001577a 450000500170000001000150001702000300003203500140006203700130007608200100008910000160009924500520011526000500016727000810021730000250029820210215170324.0 aENG-128980 c795.00a978-93-86473-95-0 aEN-112512 bDBAD/PUB a363.9 aSingh, Bane aResource Wars: Mapping Global GreedcBane Singh aNew DelhibVitasta Publishing Pvt. Ltd.c2020 bNew Delhia2/15, Ansari Roaad, Daryaganje110002minfo@vitastapublishing.com axxx+337p.c22cm(hbk)